| 000 | 00656nam a2200193 a 4500 | ||
|---|---|---|---|
| 005 | 20260206064034.0 | ||
| 008 | 991125s1977 cu 000 0 spa u | ||
| 035 | _aUPN01000002879 | ||
| 049 | _aLT | ||
| 050 | 4 |
_aLB1651 C9.1 _bA53 |
|
| 245 | 0 | 0 |
_aAnatomía fisiología e higiene del escolar 1 / _cJosé A. Viciedo Moreira ... [et al.]. |
| 260 |
_aLa Habana : _bPueblo y Educación, _c1977. |
||
| 300 |
_a86 p. : _bil. |
||
| 650 | 4 |
_aAnatomía _xEstudio y enseñanza (Secundaria) _9575 |
|
| 650 | 4 |
_aFisiología _xEstudio y enseñanza (Secundaria) _920840 |
|
| 650 | 4 |
_aHigiene escolar _915543 |
|
| 700 | 1 |
_aViciedo Moreira, José A., _ecoaut. |
|
| 905 | _aLibro | ||
| 999 |
_c2879 _d2879 |
||